00434nam a22001457a 450000500170000000800410001702000280005804100130008608200130009910000270011224500440013926000480018330000320023165000250026320231204103807.0231204b |||||||| |||| 00| 0 eng d a0409015571 ; 0409015814 aEnglish  a349 JOU  aJoubert, WA lEnglish  aThe Law of South Africa / cWA Joubert  aDurban : bLexisNexis Butterworths, c2006  bxiii, 426 pages ; c26 cm.  aLegal practice bLaw